<?xml version="1.0" encoding="UTF-8"?>
<record
    xmlns:xsi="http://www.w3.org/2001/XMLSchema-instance"
    xsi:schemaLocation="http://www.loc.gov/MARC21/slim http://www.loc.gov/standards/marcxml/schema/MARC21slim.xsd"
    xmlns="http://www.loc.gov/MARC21/slim">

  <leader>04020cam a22004215a 4500</leader>
  <controlfield tag="001">ssj0001353840</controlfield>
  <controlfield tag="003">OSt</controlfield>
  <controlfield tag="005">20190917123430.0</controlfield>
  <controlfield tag="008">140903t2014    gw a   frb    001 0 eng d</controlfield>
  <datafield tag="020" ind1=" " ind2=" ">
    <subfield code="a">9783319098876</subfield>
  </datafield>
  <datafield tag="040" ind1=" " ind2=" ">
    <subfield code="d">WaSeSS</subfield>
    <subfield code="b">eng</subfield>
    <subfield code="d">EG-ScBUE</subfield>
  </datafield>
  <datafield tag="082" ind1="0" ind2="4">
    <subfield code="2">22</subfield>
    <subfield code="a">005.1</subfield>
    <subfield code="b">VRA</subfield>
  </datafield>
  <datafield tag="100" ind1="1" ind2=" ">
    <subfield code="a">Vrajitoru, Dana.</subfield>
  </datafield>
  <datafield tag="245" ind1="1" ind2="0">
    <subfield code="a">Practical analysis of algorithms /</subfield>
    <subfield code="c">Dana Vrajitoru, William Knight.</subfield>
  </datafield>
  <datafield tag="260" ind1=" " ind2=" ">
    <subfield code="a">Cham :</subfield>
    <subfield code="b">Springer,</subfield>
    <subfield code="c">c.2014.</subfield>
  </datafield>
  <datafield tag="300" ind1=" " ind2=" ">
    <subfield code="a">xii, 466 p. :</subfield>
    <subfield code="b">ill. ;</subfield>
    <subfield code="c">24 cm.</subfield>
  </datafield>
  <datafield tag="490" ind1="0" ind2=" ">
    <subfield code="a">Undergraduate Topics in Computer Science,</subfield>
    <subfield code="x">1863-7310</subfield>
  </datafield>
  <datafield tag="504" ind1=" " ind2=" ">
    <subfield code="a">Includes bibliographical references and index.</subfield>
  </datafield>
  <datafield tag="505" ind1="0" ind2=" ">
    <subfield code="a">Introduction -- Mathematical Preliminaries -- Fundamental Notations in Analysis of Algorithms -- Recurrence Relations -- Deterministic Analysis of Algorithms -- Algorithms and Probabilities -- Finite Graph Algorithms -- Appendix: Probability Theory.</subfield>
  </datafield>
  <datafield tag="506" ind1=" " ind2=" ">
    <subfield code="a">Available on campus and off campus with authorized login.</subfield>
  </datafield>
  <datafield tag="520" ind1=" " ind2=" ">
    <subfield code="a">Analysis of algorithms plays an essential role in the education and training of any serious programmer preparing to deal with real world applications. Practical Analysis of Algorithms introduces the essential concepts of algorithm analysis required by core undergraduate and graduate computer science courses, in addition to providing a review of the fundamental mathematical notions necessary to understand these concepts. Throughout the text, the explanations are aimed at the level of understanding of a typical upper-level student, and are accompanied by detailed examples and classroom-tested exercises. Topics and features: Includes numerous fully-worked examples and step-by-step proofs, assuming no strong mathematical background Describes the foundation of the analysis of algorithms theory in terms of the big-Oh, Omega, and Theta notations Examines recurrence relations, a very important tool used in the analysis of algorithms Discusses the concepts of basic operation, traditional loop counting, and best case and worst case complexities Reviews various algorithms of a probabilistic nature, and uses elements of probability theory to compute the average complexity of algorithms such as Quicksort Introduces a variety of classical finite graph algorithms, together with an analysis of their complexity Provides an appendix on probability theory, reviewing the major definitions and theorems used in the book This clearly-structured and easy-to-read textbook/reference applies a unique, practical approach suitable for professional short courses and tutorials, as well as for students of computer science. Dr. Dana Vrajitoru is an Associate Professor of Computer Science at Indiana University South Bend, IN, USA. Dr. William Knight is an Emeritus Associate Professor at the same institution.</subfield>
  </datafield>
  <datafield tag="650" ind1=" " ind2="7">
    <subfield code="a">Computer algorithms.</subfield>
    <subfield code="2">BUEsh</subfield>
    <subfield code="9">10553</subfield>
  </datafield>
  <datafield tag="650" ind1=" " ind2="0">
    <subfield code="a">Logic design</subfield>
    <subfield code="x">Analysis.</subfield>
    <subfield code="9">3913</subfield>
  </datafield>
  <datafield tag="651" ind1=" " ind2=" ">
    <subfield code="2">BUEsh</subfield>
  </datafield>
  <datafield tag="653" ind1=" " ind2=" ">
    <subfield code="b">COMSCI</subfield>
    <subfield code="c">May2018</subfield>
  </datafield>
  <datafield tag="700" ind1="1" ind2=" ">
    <subfield code="a">Knight, William.</subfield>
  </datafield>
  <datafield tag="773" ind1="0" ind2=" ">
    <subfield code="t">Springer eBooks</subfield>
  </datafield>
  <datafield tag="776" ind1="0" ind2="8">
    <subfield code="i">Printed edition:</subfield>
    <subfield code="z">9783319098876</subfield>
  </datafield>
  <datafield tag="856" ind1="4" ind2="0">
    <subfield code="a">SOUTHEAST</subfield>
    <subfield code="u">http://BZ6FJ9FL8E.search.serialssolutions.com/?V=1.0&amp;L=BZ6FJ9FL8E&amp;S=JCs&amp;C=TC0001353840&amp;T=marc</subfield>
  </datafield>
  <datafield tag="856" ind1="4" ind2="0">
    <subfield code="a">BLOOMINGTON</subfield>
    <subfield code="u">http://KG6EK7CQ2B.search.serialssolutions.com/?V=1.0&amp;L=KG6EK7CQ2B&amp;S=JCs&amp;C=TC0001353840&amp;T=marc</subfield>
  </datafield>
  <datafield tag="856" ind1="4" ind2="0">
    <subfield code="a">EAST</subfield>
    <subfield code="u">http://MN3KU4AR6Y.search.serialssolutions.com/?V=1.0&amp;L=MN3KU4AR6Y&amp;S=JCs&amp;C=TC0001353840&amp;T=marc</subfield>
  </datafield>
  <datafield tag="856" ind1="4" ind2="0">
    <subfield code="a">NORTHWEST</subfield>
    <subfield code="u">http://PS6EE4GK2T.search.serialssolutions.com/?V=1.0&amp;L=PS6EE4GK2T&amp;S=JCs&amp;C=TC0001353840&amp;T=marc</subfield>
  </datafield>
  <datafield tag="856" ind1="4" ind2="0">
    <subfield code="a">IUPUI</subfield>
    <subfield code="u">http://RX8KL6YF4X.search.serialssolutions.com/?V=1.0&amp;L=RX8KL6YF4X&amp;S=JCs&amp;C=TC0001353840&amp;T=marc</subfield>
  </datafield>
  <datafield tag="856" ind1="4" ind2="0">
    <subfield code="a">KOKOMO</subfield>
    <subfield code="u">http://TE6UZ4HK6Z.search.serialssolutions.com/?V=1.0&amp;L=TE6UZ4HK6Z&amp;S=JCs&amp;C=TC0001353840&amp;T=marc</subfield>
  </datafield>
  <datafield tag="856" ind1="4" ind2="0">
    <subfield code="a">SOUTH BEND</subfield>
    <subfield code="u">http://TT5XG8QF8P.search.serialssolutions.com/?V=1.0&amp;L=TT5XG8QF8P&amp;S=JCs&amp;C=TC0001353840&amp;T=marc</subfield>
  </datafield>
  <datafield tag="856" ind1="4" ind2="0">
    <subfield code="a">COLUMBUS</subfield>
    <subfield code="u">http://RX8KL6YF4X.search.serialssolutions.com/?V=1.0&amp;L=RX8KL6YF4X&amp;S=JCs&amp;C=TC0001353840&amp;T=marc</subfield>
  </datafield>
  <datafield tag="942" ind1=" " ind2=" ">
    <subfield code="2">ddc</subfield>
  </datafield>
  <datafield tag="999" ind1=" " ind2=" ">
    <subfield code="c">26699</subfield>
    <subfield code="d">26671</subfield>
  </datafield>
  <datafield tag="952" ind1=" " ind2=" ">
    <subfield code="0">0</subfield>
    <subfield code="1">0</subfield>
    <subfield code="2">ddc</subfield>
    <subfield code="4">0</subfield>
    <subfield code="7">0</subfield>
    <subfield code="8">Baccah</subfield>
    <subfield code="a">MAIN</subfield>
    <subfield code="b">MAIN</subfield>
    <subfield code="c">LOW</subfield>
    <subfield code="d">2018-05-13</subfield>
    <subfield code="e">Purchase</subfield>
    <subfield code="g">540.00</subfield>
    <subfield code="h">2000088</subfield>
    <subfield code="l">0</subfield>
    <subfield code="o">005.1 VRA</subfield>
    <subfield code="p">000047752</subfield>
    <subfield code="r">2025-07-15 00:00:00</subfield>
    <subfield code="v">675.00</subfield>
    <subfield code="y">BB</subfield>
  </datafield>
</record>
